| 000 | 00896nam a2200289 a 4500 | ||
|---|---|---|---|
| 008 | |||
| 020 | _a0443056129 (paperback) | ||
| 040 |
_aNUST _cNUST |
||
| 049 | _aMAIN | ||
| 090 |
_aQM551 _bYOU |
||
| 100 | 1 | _aYoung, Barbara. | |
| 245 | 1 | 0 |
_aWheater's functional histology : _ba text and colour atlas / _bBarbara Young, John W. Heath. |
| 246 | 3 | 0 | _aFunctional histology. |
| 250 | _aFouth Edition. | ||
| 260 |
_aEdinburgh : _bChurchill Livingstone, _c2000. |
||
| 300 |
_a413 p. : _bcolour illustrations ; _c30 cm. |
||
| 336 |
_atext _btxt _2rdacontent |
||
| 337 |
_aunmediated _bn _2rdamedia |
||
| 338 |
_avolume _bnc _2rdacarrier |
||
| 500 | _aIncludes index. | ||
| 650 | 2 |
_aHistology _vAtlases. |
|
| 700 | _aHeath, John W. | ||
| 907 |
_a.b10147147 _b02-09-21 _c18-01-05 |
||
| 003 | |||
| 005 | 20230123134508.0 | ||
| 942 |
_cBOOKS _kQM551 _mYOU |
||
| 999 |
_c166923 _d166923 |
||